000 01794nam a22003854i 4500
001 991061597659306706
003 ES-BaIT
005 20260203113859.0
008 260127s2023 sp o 2 000 d spa c
017 _aDL M 10777-2023
_bOficina DL Madrid
020 _a9788418119859
040 _aES-BaIT
_bcat
_erda
_cES-BaIT
100 1 _aPérez, Susana Inés
_eautor
_9168303
245 1 3 _aEl Brujo :
_bel último juglar /
_cSusana Inés Pérez ; prólogo de Mario Santana
250 _aPrimera edición en castellano, 2023
264 1 _aMadrid :
_bEdiciones Antígona
_bReal Escuela Superior de Arte Dramático,
_c[2023]
264 4 _c©2023
300 _a163 pàgines :
_bfotografies (en color) ;
_c21 cm
336 _atext
_btxt
_2rdacontent
337 _asense mediació
_bn
_2rdamedia
338 _avolum
_bnc
_2rdacarrier
490 1 _aSerie Resad Estudios Teatrales
490 1 _aCrítica ;
_v45
504 _aBibliografia: pàgines 150-161
520 _a"Un estudio exhaustivo y necesario de una figura clave de la escena española. La autora combina el rigor académico, por ejemplo, al abordar temas como la adaptación o la narratividad en el teatro —tan candentes en el debate académico actual— con un estilo accesible y ameno. El profuso trabajo de documentación está salpicado de anécdotas que agradarán a cualquier aficionado al trabajo de este formidable actor. " -- Contracoberta
600 1 0 _aÁlvarez, Rafael
_cel Brujo
_d1950-
_9168304
650 0 _aActors
_zEspanya
_yS. XX
_9115386
650 0 _aActors
_zEspanya
_yS. XXI
_9142204
700 1 _aSantana, Mario
_eescriptor d'un pròleg
_9168305
830 0 _aSerie RESAD Estudios teatrales
_9165599
830 _aCrítica (Antígona)
_v45
_9131526
908 _aCDMAE
940 _aCVA38
942 _2udc
_c1
999 _c137002
_d137002